000 03567nab a2200277 i 4500
003 BR-BrBNA
005 20240830153244.0
008 240830b2018 bl.qr|pooa||| 00| 0 por |
040 _aBR-BrBNA
_bpor
072 _aF60
100 _aSchabat, Francis Maira
100 _aBusato, Maria Assunta
100 _aLutinski, Junir Antonio
245 _aPropriedades larvicidas de Melia azedarach sobre Aedes aegypti (Diptera: Culicidae): uma revisão integrativa da literatura
500 _aPublicação on-line; 18 ref.; 1 table; Summaries (En, Pt)
520 _a RESUMO: No presente trabalho objetivou-se identificar a literatura disponível referente a eficácia de extratos de Melia azedarach sobre larvas de Aedes aegypti. O estudo trata de uma revisão integrativa da literatura conduzida a partir das orientações de Ganong (1987) utilizando os descritores: “Melia azedarach” AND “Aedes aegypti”, sendo os filtros utilizados nos cruzamentos ano de publicação de 2006 a 2016, idiomas português, inglês e espanhol, trabalhos no formato de artigos científicos e disponíveis online na forma completa. Foram encontrados cinco estudos publicados na base BVS e 947 no Google Acadêmico. Com os critérios de inclusão, exclusão e seleção, seis publicações foram selecionadas por referir-se explicitamente ao objeto de estudo. A revisão revelou que os extratos de frutos e folhas de M. azedarach contêm substâncias com atividade tanto larvicida quanto ovicida sobre A. aegypti, apresentando-se como alternativa promissora ao controle do vetor oferecendo uma ferramenta importante para o manejo nos programas de controle vetorial da Dengue, Chikungunya, Zika vírus e Febre Amarela urbana. Palavras-chave: plantas medicinais, dengue, vetores de doenças.
520 _a ABSTRACT: Larvicidal properties of Melia azedarach on Aedes aegypti (Diptera: Culicidae): an integrative review of the literature. The aim of this study was to identify the available literature regarding the efficacy of Melia azedarach extracts on Aedes aegypti larvae. The study deals with an integrative literature review based on the Ganong (1987) guidelines using the descriptors: “Melia azedarach” AND “Aedes aegypti”, being the filters and the year of publication 2006 to 2016, in Portuguese, English and Spanish languages, all papers in the format of scientific articles and available online in full form. Five studies were published on the BVS base and 947 were found in Google Scholar. With the inclusion, exclusion and selection criteria, six publications were selected because they refer explicitly to the object of study. The review revealed that the extracts of fruits and leaves of M. azedarach contains substances with both larvicidal and ovicidal activity on A. aegypti, presenting itself as a promising alternative to vector control, offering an important tool for management in the vector control programs of Dengue, Chikungunya, Zika virus and Urban Yellow Fever. Keywords: medicinal plants, dengue, vectors of diseases
650 _aPLANTA MEDICINAL
650 _aDENGUE
650 _aDOENÇA
650 _aVETOR
773 0 _03543
_9317733
_dBotucatu-SP Instituto de Biociências - Departamento de Química e Bioquímica 1998
_o2024-4448
_tRevista Brasileira de Plantas Medicinais (Brazil)
_x1516-0572
_gv. 20(4) p. 347-351; (2018)
_wBR2024002540
856 _uhttp://www.sbpmed.org.br/admin/files/papers/file_jIk3CkhdHJHS.pdf
942 _cAnalítica
999 _c301077
_d301077